LEADER 01335nam a2200337 u 4500 001 000000048389 003 CaOOAMICUS 005 20150924105517.0 008 000428s1996 it u000 u ita u 035 $a10846487 040 $aPUL$bita 100 1 $aDe Simone, Gaetano.$0(OLS)http://pul/name/23255 245 10$aLezioni di sociologia generale e sociologia giuridica /$cGaetano De Simone. 260 $aSalerno :$bSessa,$c1996. 300 $a224 p.$c26 cm 500 $aIn cop.: P.U.L. 504 $aBibliografia in nota. 650 4$aSociologia del diritto.$0(OLS)http://pul/subject/7213 650 4$aSociologia.$0(OLS)http://pul/subject/2611 850 $aPUL 852 $aPUL$W1$xDP1 Cons. Gen., Altre Classi 1$y22$m43 A 90$j64488$nBK-PRI$b $qStampati$B64488$CPULBib$Z2$F64488 $H $81 852 $aPUL$W1$xDP1 Fondo S. Lanza$y121$m4 A 97$j163188$qFondi$B169638$CPULBib$Z2$F169638 $HLAN1083 $82 941 1 $a8 941 1 $a1 960 $aSociology$92611 960 $aSociology$92611 960 $aScienze sociali$92611 960 $aScienze sociali$92611 961 $aINV: 81540 996 $6245$aLezioni di sociologia generale e sociologia giuridica$9(OLS)http://pul/title/65159 996 $6260$aSalerno :$bSessa$9(OLS)http://pul/publisher/67107 LEADER 01356nam a2200337 a 4500 001 000000157002 003 CaOOAMICUS 005 20161201164150.0 008 161201s2016 it u000 u ita r 020 $a978-88-15-24183-2* 032 $aLibriCat 040 $aPUL$bita 082 04$a341.2 100 1 $aCassese, Antonio,$d1937-2011.$0(OLS)http://pul/name/24056 245 10$aDiritto internazionale /$cAntonio Cassese ; a cura di Paola Gaeta. 250 $aSeconda edizione. 260 $aBologna :$bIl Mulino,$cİ2016. 300 $a429 p. ;$c24 cm 490 1 $aManuali. Diritto 504 $aBibliografia in nota e p. [395]-411. 650 4$aDiritto internazionale$xManuali e compendi.$0(OLS)http://pul/subject/26810 700 1 $aGaeta, Paola.$0(OLS)http://pul/name/39343 830 0$aManuali (il Mulino).$pDiritto.$0(OLS)http://pul/title/144070 850 $aPUL 852 $aPUL$W1$xSL Diritto e Scienze Sociali 3$y79$m341. 2 CASAN 2$j180285$qDDC 21$B183410$CPULBib$Z2$F183410 $H128478 $81 941 1 $a9 996 $6020$a978-88-15-24183-2*$9(OLS)http://pul/number/161608 996 $6082$a341.2$9(OLS)http://pul/classification/1860 996 $6245$aDiritto internazionale$9(OLS)http://pul/title/54313 996 $6260$aBologna :$bIl Mulino$9(OLS)http://pul/publisher/47928